000 00574nam a2200181Ia 4500
008 090124s9999 xx 000 0 und d
082 _b14590
_a1803
100 _aआत्माराम विठ्ठल
245 _a रुप पाहता लोचनी
250 _a1
260 _c1965
300 _a63
600 _aआत्माराम विठ्ठल
630 _a रुप पाहता लोचनी
700 _aआत्माराम विठ्ठल
730 _a रुप पाहता लोचनी
942 _cBOOK
999 _c128530
_d128530